000 00688cam a2200241 4500
008 090401t1995 xxu||||| |||| 00| 0 eng d
020 _a0750626372
035 _a(Sirsi) u44365
041 _aeng
050 _a727.8
100 _aThompson, Godfrey
245 _aPlanning and design of library buildings.
250 _a3rd ed.
260 _aOxford
_bButterworth Architecture
_c1995
300 _avii,224p. : ill. ; 30cm.
350 _a29.99
520 _aPaperback edition of third edition published 1989.
650 _aBUILT ENVIRONMENT-CONSTRUCTION DESIGN
650 _aLIBRARIES
690 _aBUILT ENVIRONMENT-CONSTRUCTION DESIGN
942 _n0
948 _c04/03/1997
999 _c91503
_d91503